Slim Shady EP Tracklist (Eminem) - Statistics

General Stats
  • This quiz has been taken 21 times
  • The average score is 7 of 10
Answer Stats
Hint Answer % Correct
1 Intro (Slim Shady)
85%
4 Just Don't Give A Fuck
85%
6 Just The Two Of Us
85%
3 If I Had...
77%
9 If I Had... (Radio Edit)
77%
2 Low Down, Dirty
69%
5 Mommy (Skit)
69%
8 Murder, Murder
69%
7 No One's Iller
46%
10 Just Don't Give A #?@! (Radio Edit)
0%
No matching quizzes found
Score Distribution
Percent of People with Each Score
Percentile by Number Answered
Your Score History
You have not taken this quiz